000
00334pam a2200157a 44500
008
230515b2009 xxu||||| |||| 00| 0 eng d
020
_a
NULL
041
_a
ENGLISH
082
_a
629.136 RAN
100
_a
RANGWALA
245
_a
AIRPORT ENGINEERING
250
_a
1
260
_a
NULL
_b
NA
_c
2009
300
_a
286
650
_a
NULL
999
_c
639053
_d
639053